Statistics for History by Picture - F

Click here to take the quiz!

General Stats

  • This quiz has been taken 14,178 times
    (14,016 since last reset)
  • The average score is 11 of 15

Answer Stats

Answer % Correct
Anne Frank
99%
Ford Motors
94%
F├╝hrer
89%
Florence
86%
Franz Ferdinand
83%
Benjamin Franklin
83%
{Fleur}-de-lis
82%
{Forbidden} City
75%
Sigmund Freud
72%
Falklands War
70%
Freemasonry
66%
Fascism
62%
{Fertile} Crescent
55%
Jane Fonda
53%
Roman {Forum}
45%

Score Distribution

Percentile by Number Answered

Percent of People with Each Score

Your Score History

You have not taken this quiz since the last reset